000 00646nam a22001577a 4500
008 170309b xxu||||| |||| 00| 0 eng d
082 _22016
_aUT 0718
_bAm74
100 _919290
_aAmpong, Marissa D.
245 _aPAgsusuri sa Estratehiyang Ginagamit ng mga Guro Sa pagkatuto ng mga Mag-aaral sa Asignaturang Filipino sa Ikasampung Taon Sa DICNHS.
_cMarissa D. Ampong, Merlinie C. Entera and Safanah M. Matuan
300 _a50 pages;
_b29 cm.
650 0 _919291
_aEducation
_vFilipino
_xUndergraduate Thesis.
700 _919292
_aAmpong, Marissa D.
700 _919293
_aEntera, Merlinie C.
700 _919294
_aMatuan, Safanah M.
942 _2ddc
_cUT
999 _c6394
_d6394